10 państw najbliżej Australii (z mapą) - Statystyki

Ogólne statystyki
  • Ten quiz został rozwiązany 23 razy
  • Średni wynik to 8 z 10
Odpowiedzi na mapie
Odpowiedzi zakodowano w zielono-czerwonej skali na mapie do tego quizu, zgodnie z poniższymi procentami.
 
Statystyki odpowiedzi
km Państwo % Poprawnych
1489 Nowa Zelandia
100%
315 Indonezja
95%
1909 Filipiny
91%
512 Papua-Nowa Gwinea
91%
2109 Malezja
86%
459 Timor Wschodni
82%
1849 Vanuatu
82%
1477 Wyspy Salomona
82%
3236 Singapur
73%
1222 Francja
45%
Nie znaleziono quizów pasujących do podanych kryteriów
Rozkład punktacji
Procent ludzi z każdym wynikiem
Percentyl według liczby udzielonych odpowiedzi
Twoja historia wyników
Nie rozwiązałeś tego quizu